banner koha

Interference of weeds on Barbados gooseberry initial development (Registro n. 338074)

MARC details
000 -LÍDER
fixed length control field 03442nab a2200313 i 4500
003 - CÓDIGO MARC DA AGÊNCIA CATALOGADORA
Campo de controle BR-BrBNA
005 - DATA E HORA DA ÚLTIMA ATUALIZAÇÃO
Campo de controle 20250909103943.0
008 - CAMPO DE TAMANHO FIXO
fixed length control field 250909b2021 bl.qr|pooa||| 00| 0 eng |
040 ## - FONTE DA CATALOGAÇÃO
Agência catalogadora BR-BrBNA
Idioma da catalogação eng
072 ## - CATEGORIA AGRIS
Código AGRIS H60
Código do objeto 1690
100 ## - ENTRADA PRINCIPAL - NOME PESSOAL
Nome pessoal Teixeira, Ariany G
100 ## - ENTRADA PRINCIPAL - NOME PESSOAL
Nome pessoal Cabral, Mateus O
100 ## - ENTRADA PRINCIPAL - NOME PESSOAL
Nome pessoal Oliveira, Fábio Luiz de
100 ## - ENTRADA PRINCIPAL - NOME PESSOAL
Nome pessoal Dalvi, Leandro P
100 ## - ENTRADA PRINCIPAL - NOME PESSOAL
Nome pessoal Menini, Luciano
100 ## - ENTRADA PRINCIPAL - NOME PESSOAL
Nome pessoal Rocha, Leonardo F
245 ## - TÍTULO PRINCIPAL
Título principal Interference of weeds on Barbados gooseberry initial development
500 ## - NOTA GERAL
Nota geral <br/>Publicação online; 30 ref.; 4 tables; Summaries (En, Pt)
942 ## - ADDED ENTRY ELEMENTS (KOHA)
Koha item type Analítica
520 ## - NOTA DE RESUMO
Nota de conteúdo <br/><br/><br/>ABSTRACT: The Barbados gooseberry crop has agricultural potential, but little information is available regarding cropping practices. More information on weed interference in Barbados gooseberry will support growers to take weed management decisions. The objective of this work was to study initial growth and development of Barbados gooseberry under the interference of weeds. The experiment was conducted in a completely randomized design, with five treatments, composed of Barbados gooseberry in competition with four weed species: slender amaranth (Amaranthus viridis), hairy beggarticks (Bidens pilosa), Benghal dayflower (Commelina benghalensis), purple nutsedge (Cyperus rotundus), and a weed-free control, with six replicates. Weed competition led to a decrease in growth and development of Barbados gooseberry reflected in a reduction of up to 40% in yield and 23% in protein content. Additional work must be conducted evaluating these findings under field conditions, using different seedling production and planting techniques potentially affecting these results. <br/><br/><br/>Keywords: Pereskia aculeata, non-conventional vegetable, competition, proteins
520 ## - NOTA DE RESUMO
Nota de conteúdo <br/><br/><br/>RESUMO: Atualmente o ora-pro-nobis é apontando como cultura de potencial agrícola, porém com poucas informações sobre seu manejo agronômico. Uma das informações a ser buscada é quanto aos prejuízos que o convívio com plantas daninhas causa. Objetivou-se com este trabalho estudar o crescimento e desenvolvimento inicial do ora-pro-nobis em convivência com plantas daninhas. O delineamento experimental utilizado foi inteiramente casualizado, com cinco tratamento, ora-pro-nobis em convivência com caruru (Amaranthus viridis), picão preto (Bidens pilosa), trapoeraba (Commelina benghalensis) e tiririca (Cyperus rotundus) e a testemunha ausente de plantas daninhas, com seis repetições. A convivência com as plantas daninhas diminuiu o crescimento e desenvolvimento do orapro-nobis assim como a produção de folhas em até 40% e 23% do teor de proteínas, respectivamente. Porém, novos trabalhos devem ser realizados em ambientes de plantio a céu aberto, bem como a utilização de técnicas diferenciadas para a produção de mudas e seu transplante para as condições reais de campo.<br/><br/><br/><br/>Palavras-chave: Pereskia aculeata, hortaliça não convencional, competição, proteínas.
650 ## - ASSUNTO - THESAGRO
Cabeçalho tópico ou nome geográfico ORA-PRO-NOBIS
650 ## - ASSUNTO - THESAGRO
Cabeçalho tópico ou nome geográfico CRESCIMENTO
650 ## - ASSUNTO - THESAGRO
Cabeçalho tópico ou nome geográfico ERVA DANINHA
650 ## - ASSUNTO - THESAGRO
Cabeçalho tópico ou nome geográfico DANO
773 0# - ENTRADA ANALÍTICA
Host Biblionumber 1047
Registro do item 357746
Imprenta Brasília-DF Sociedade de Olericultura do Brasil 1983
Outro identificador 2025-5711
Título Horticultura Brasileira (Brazil)
ISSN 0102-0536
Colação v. 39(2) p. 155-160; (2021)
Número de controle de registro BR2025001899
856 ## - ACESSO E ENDEREÇO ELETRÔNICO
Identificador uniforme de recurso - URI https://www.scielo.br/j/hb/a/pCS9RJS9gPzdCTBjkVVDH8K/?format=pdf&lang=en

Nenhum exemplar disponível.

BINAGRI

Telefone: (61)3218-2567/2388/3357/2097 - binagri@agro.gov.br

Ministério da Agricultura e Pecuária , Esplanada dos Ministérios, Bloco D, Anexo B, Brasília/DF, CEP: 70.043-900